000 00646nam a2200241Ia 4500
003 OSt
005 20221007080158.0
006 a|||||r|||| 00| 0
007 ta
008 221006b |||||||| |||| 00| 0 eng d
020 _a9789350718353
024 _a45,609
037 _cTextual
040 _aFLL
_cFLL
_beng
041 _2eng
_aeng
082 _aZ2,801, Q6
100 _aTAXMANN's
245 0 _aTaxmann's code of civil procedure 1908 ( Bare act)
260 _aNew Delhi
_bTaxmann Publications India
_c2016
300 _aI-41,421p.
_ccm.
942 _hZ2,801, Q6
_cTEXL
_2CC
999 _c1158578
_d1158578